[Event "IECG R3.2001.0.00002"]
[Site "IECG email"]
[Date "2001.02.11"]
[Round "?"]
[White "Ros, Alejandro"]
[Black "Smeltzer, Brent S"]
[Result "1-0"]
[WhiteElo "1256"]
[BlackElo "971"]
[PlyCount "123"]
[EventDate "2001.02.11"]
[EventType "tourn (corr)"]
[EventRounds "6"]
[SourceTitle "Corr 2008"]
[Source "ChessBase"]
[SourceDate "2008.06.24"]
[SourceVersion "1"]
[SourceVersionDate "2008.06.24"]
[SourceQuality "1"]

1. d4 Nf6 2. c4 e6 3. Nf3 b6 4. g3 Ba6 5. b3 Bb7 6. Bg2 Bb4+ 7. Bd2 a5 8. 0-0 0-0 9. Qc2 c5 10. dxc5 Bxd2 11. Qxd2 bxc5 12. Nc3 d6 13. Rad1 Ra6 14. Qf4 d5 15. Ne5 Qd6 16. Rd3 Nbd7 17. Nxd7 Qxd7 18. cxd5 exd5 19. Nxd5 Bxd5 20. Bxd5 Nxd5 21. Qf3 a4 22. Rxd5 Qc6 23. Rc1 axb3 24. axb3 Ra3 25. Rcxc5 Qb6 26. Rc3 Ra2 27. Kg2 Qb7 28. Rcd3 Qb6 29. Rd7 Qe6 30. R3d6 Qxe2 31. Rxf7 Qxf3+ 32. Rxf3 Rb2 33. Rb6 Rxf3 34. Kxf3 Kf7 35. b4 Rb3+ 36. Kg2 Ke7 37. Rb7+ Kf6 38. b5 g6 39. b6 Ke5 40. Rb8 Kd6 41. f4 Kc6 42. Kh3 Rb5 43. g4 Rb3+ 44. Kh4 Rf3 45. Rh8 Rxf4 46. Rxh7 Kxb6 47. Rh6 Kc5 48. Rxg6 Rf2 49. Kg5 Rxh2 50. Rf6 Kd5 51. Kg6 Ke5 52. g5 Rg2 53. Rf1 Rg3 54. Kh6 Rh3+ 55. Kg7 Rg3 56. g6 Ke6 57. Kh7 Rh3+ 58. Kg8 Rg3 59. g7 Ke7 60. Re1+ Kf6 61. Kf8 Rxg7 62. Rf1+ 1-0

[Event "IECG WC.2003.P.00013 email"]
[Site "IECG email"]
[Date "2000.??.??"]
[Round "?"]
[White "Ros, Alejandro"]
[Black "Schilly, Hans Joachim"]
[Result "1/2-1/2"]
[WhiteElo "1028"]
[BlackElo "1932"]
[PlyCount "95"]
[EventDate "2000.01.26"]
[EventType "tourn (corr)"]
[EventRounds "10"]
[SourceTitle "Corr 2008"]
[Source "ChessBase"]
[SourceDate "2008.06.24"]
[SourceVersion "1"]
[SourceVersionDate "2008.06.24"]
[SourceQuality "1"]

1. e4 c6 2. d4 d5 3. exd5 cxd5 4. c4 Nf6 5. Nc3 Nc6 6. Nf3 Bg4 7. cxd5 Nxd5 8. Qb3 Bxf3 9. gxf3 e6 10. Qxb7 Nxd4 11. Bb5+ Nxb5 12. Qc6+ Ke7 13. Qxb5 Qd7 14. Nxd5+ Qxd5 15. Qxd5 exd5 16. 0-0 Ke6 17. Re1+ Kf5 18. Rd1 Rd8 19. Be3 Rd7 20. Rac1 Be7 21. Rd4 Bf6 22. Rf4+ Kg6 23. Rg4+ Kh5 24. Rc5 h6 25. Bd4 Bxd4 26. Rxd4 Rhd8 27. Kf1 f5 28. b4 Kg5 29. b5 Kf6 30. Ke2 Ke5 31. Kd3 g5 32. a4 Rb8 33. Rb4 Rg7 34. f4+ gxf4 35. Rb1 Rg2 36. Re1+ Kf6 37. h4 Rb7 38. Rc6+ Kg7 39. Re2 Rh2 40. Rec2 Rxh4 41. Rc7+ Rxc7 42. Rxc7+ Kf6 43. Rxa7 Rh3+ 44. Kd4 Rf3 45. b6 Rxf2 46. Rh7 Kg6 47. Rd7 f3 48. Ke3 1/2-1/2

[Event "IECG CN.1999.0.00152"]
[Site "IECG email"]
[Date "1999.10.05"]
[Round "?"]
[White "Knoop, Michael"]
[Black "Ros, Alejandro"]
[Result "0-1"]
[WhiteElo "800"]
[BlackElo "800"]
[PlyCount "42"]
[EventDate "1999.10.05"]
[EventType "tourn (corr)"]
[EventRounds "6"]
[SourceTitle "Corr 2008"]
[Source "ChessBase"]
[SourceDate "2008.06.24"]
[SourceVersion "1"]
[SourceVersionDate "2008.06.24"]
[SourceQuality "1"]

1. c4 Nf6 2. Nc3 g6 3. g3 d5 4. cxd5 Nxd5 5. Bg2 Nb6 6. d3 Bg7 7. Be3 h6 8. Qc1 Nc6 9. Bxc6+ bxc6 10. Nf3 Bg4 11. Nd2 Nd5 12. Nxd5 cxd5 13. Nb3 Qd6 14. f3 Bh3 15. Rg1 a5 16. g4 a4 17. Bd4 e5 18. Bc5 Qc6 19. Nd2 h5 20. g5 Ra5 21. Qc3 Rxc5 0-1

[Event "IECG CP.1999.P.00019"]
[Site "IECG email"]
[Date "1999.10.01"]
[Round "?"]
[White "Perez, Maria Jose"]
[Black "Ros, Alejandro"]
[Result "1/2-1/2"]
[WhiteElo "1660"]
[BlackElo "800"]
[PlyCount "90"]
[EventDate "1999.10.01"]
[EventType "tourn (corr)"]
[EventRounds "6"]
[EventCountry "AZE"]
[SourceTitle "Corr 2008"]
[Source "ChessBase"]
[SourceDate "2008.06.24"]
[SourceVersion "1"]
[SourceVersionDate "2008.06.24"]
[SourceQuality "1"]

1. e4 c5 2. Nf3 Nc6 3. d4 cxd4 4. Nxd4 Nf6 5. Nc3 e5 6. Ndb5 d6 7. Bg5 a6 8. Na3 b5 9. Bxf6 gxf6 10. Nd5 Bg7 11. Bd3 Ne7 12. Nxe7 Qxe7 13. c3 f5 14. exf5 Bb7 15. Qg4 Bf6 16. 0-0-0 h5 17. Qh3 d5 18. Nc2 Kf8 19. Be2 Rc8 20. Kb1 Rc5 21. Rhe1 a5 22. Bxh5 b4 23. cxb4 axb4 24. g4 Rc4 25. Qb3 Kg7 26. Ne3 Rhc8 27. Nxc4 dxc4 28. Qa4 c3 29. Rd7 c2+ 30. Kc1 Bg5+ 31. Re3 Bxe3+ 32. fxe3 Qg5 33. Qb3 Bd5 34. Rxd5 Qh4 35. Qxb4 Qf2 36. f6+ Kh6 37. Qc3 Rxc3 38. bxc3 Qxe3+ 39. Kxc2 Qf2+ 40. Kb3 Qxf6 41. a4 Qe6 42. c4 e4 43. a5 e3 44. Rd1 e2 45. Re1 f5 1/2-1/2

[Event "IECG CN.1999.0.00150"]
[Site "IECG email"]
[Date "1999.09.14"]
[Round "?"]
[White "Ros, Alejandro"]
[Black "Hopf, Werner"]
[Result "1-0"]
[WhiteElo "800"]
[BlackElo "800"]
[PlyCount "43"]
[EventDate "1999.09.14"]
[EventType "tourn (corr)"]
[EventRounds "6"]
[SourceTitle "Corr 2008"]
[Source "ChessBase"]
[SourceDate "2008.06.24"]
[SourceVersion "1"]
[SourceVersionDate "2008.06.24"]
[SourceQuality "1"]

1. e4 e5 2. f4 Nf6 3. Nf3 exf4 4. e5 Nh5 5. d4 d5 6. Be2 Bg4 7. 0-0 Nc6 8. c3 g5 9. g3 Bh3 10. Nxg5 Qxg5 11. Bxh5 Bxf1 12. Bxf4 Qe7 13. Qxf1 Bg7 14. Qf3 Qe6 15. Na3 a6 16. Nc2 Ne7 17. Bg5 Qf5 18. Qxf5 Nxf5 19. Rf1 Nh6 20. Ne3 c6 21. Ng4 Nxg4 22. Rxf7 1-0